[Event "Klatovy op-A 29th"]
[Site "Klatovy"]
[Date "2023.07.05"]
[Round "5"]
[White "Kroulik, Vaclav"]
[Black "Kovar, Petr"]
[Result "1-0"]
[WhiteElo "1750"]
[BlackElo "1879"]
[PlyCount "81"]
[EventDate "2023.07.01"]
[EventType "swiss"]
[EventRounds "9"]
[EventCountry "CZE"]
[SourceTitle "CBM 215 Extra"]
[Source "ChessBase"]
[SourceDate "2023.09.30"]
[SourceVersion "1"]
[SourceVersionDate "2023.09.30"]
[SourceQuality "1"]

1. e4 c5 2. Nf3 Nc6 3. d4 cxd4 4. Nxd4 g6 5. c4 Bg7 6. Be3 Nf6 7. Nc3 0-0 8. Be2 d6 9. 0-0 Qd7 10. f3 b6 11. Rb1 Bb7 12. b4 Rfd8 13. Nxc6 Bxc6 14. Qb3 Rab8 15. Rfd1 Qb7 16. Qa3 Qa8 17. Rdc1 Nd7 18. Nd5 Bxd5 19. cxd5 Rbc8 20. Ba6 Rxc1+ 21. Rxc1 Qb8 22. Qa4 Bf6 23. h3 Kg7 24. Qc6 Ne5 25. Qc7 Qxc7 26. Rxc7 Rd7 27. Rc8 g5 28. Bb5 a5 29. Bxd7 Nxd7 30. Rc7 Ne5 31. b5 Kg6 32. Bxb6 Kh5 33. Kf2 Kh4 34. Ke3 Kg3 35. Rc2 a4 36. Bd4 Nd7 37. Bxf6 exf6 38. Rc7 Nb6 39. Rc6 Nd7 40. Rxd6 Ne5 41. Rxf6 1-0

[Event "RD-2020-0-00159"]
[Site "LSS email"]
[Date "2020.01.13"]
[Round "?"]
[White "Kovar, Petr"]
[Black "Csaba, Fodor"]
[Result "0-1"]
[WhiteElo "1607"]
[BlackElo "1346"]
[PlyCount "66"]
[EventDate "2019.07.05"]
[EventType "tourn (corr)"]
[EventRounds "6"]
[EventCountry "GER"]
[SourceTitle "Corr 2022"]
[Source "ChessBase"]
[SourceDate "2021.10.24"]
[SourceVersion "1"]
[SourceVersionDate "2021.10.24"]
[SourceQuality "1"]

1. Nf3 Nf6 2. c4 c5 3. Nc3 Nc6 4. d4 cxd4 5. Nxd4 e6 6. a3 Be7 7. g3 Qb6 8. e3 d5 9. cxd5 Nxd5 10. Nxd5 exd5 11. Nxc6 bxc6 12. Bd3 c5 13. 0-0 0-0 14. Qh5 f5 15. Rd1 g6 16. Qe2 c4 17. Bc2 Qe6 18. b3 Bf6 19. Rb1 c3 20. b4 Bb7 21. a4 Kg7 22. Bb3 Rad8 23. Ba3 Rfe8 24. b5 Qc8 25. a5 d4 26. a6 Be4 27. Bc2 Bxc2 28. Qxc2 dxe3 29. fxe3 Rxe3 30. Rxd8 Qxd8 31. Bc5 Bd4 32. Bxd4+ Qxd4 33. Qf2 c2 0-1

[Event "RD-2020-0-00159"]
[Site "LSS email"]
[Date "2020.01.03"]
[Round "?"]
[White "Kovar, Petr"]
[Black "Peterson, Oscar"]
[Result "0-1"]
[WhiteElo "1607"]
[BlackElo "800"]
[PlyCount "66"]
[EventDate "2019.07.05"]
[EventType "tourn (corr)"]
[EventRounds "6"]
[EventCountry "GER"]
[SourceTitle "Corr 2022"]
[Source "ChessBase"]
[SourceDate "2021.10.24"]
[SourceVersion "1"]
[SourceVersionDate "2021.10.24"]
[SourceQuality "1"]

1. c4 e5 2. Nc3 Nc6 3. Nf3 f5 4. d4 e4 5. Ng5 Nf6 6. e3 h6 7. Nh3 g5 8. f3 exf3 9. gxf3 d6 10. Bg2 Bg7 11. f4 g4 12. Nf2 h5 13. Bd2 0-0 14. h3 g3 15. Nd3 h4 16. Qb3 Qe8 17. 0-0-0 Qf7 18. d5 Na5 19. Qb5 b6 20. c5 Nb7 21. c6 Nc5 22. Nxc5 bxc5 23. Kb1 a5 24. Qb3 Ba6 25. Qc2 Qg6 26. Rhg1 Rfb8 27. Be1 a4 28. Nxa4 Ne4 29. Nc3 Bc4 30. b3 Bxb3 31. axb3 c4 32. Bxe4 fxe4 33. b4 Rxb4+ 0-1

[Event "Klatovy op-A 24th"]
[Site "Klatovy"]
[Date "2018.07.08"]
[Round "9"]
[White "Novy, Vaclav"]
[Black "Kovar, Petr"]
[Result "1-0"]
[WhiteElo "2065"]
[BlackElo "1911"]
[PlyCount "83"]
[EventDate "2018.06.30"]
[EventType "swiss"]
[EventRounds "9"]
[EventCountry "CZE"]
[SourceTitle "EXT 2019"]
[Source "ChessBase"]
[SourceDate "2018.10.10"]
[SourceVersion "1"]
[SourceVersionDate "2018.10.10"]
[SourceQuality "1"]

1. e4 c5 2. Nf3 Nc6 3. Bb5 Nd4 4. Nxd4 cxd4 5. c3 Qb6 6. Ba4 g6 7. 0-0 Bg7 8. Qf3 e6 9. cxd4 Qxd4 10. Nc3 Ne7 11. d3 0-0 12. Bg5 Nc6 13. Qe3 Qb4 14. Bb3 Nd4 15. e5 d5 16. exd6 Nf5 17. Qf4 Qxf4 18. Bxf4 Rd8 19. Ne4 h6 20. Rac1 e5 21. Be3 Nxd6 22. Rc7 Be6 23. Bxe6 fxe6 24. Nxd6 Rxd6 25. Rxb7 Rad8 26. Rxa7 Rxd3 27. g3 e4 28. b4 Bd4 29. Bxd4 R3xd4 30. b5 Rb4 31. a4 Rb2 32. Rc1 e3 33. fxe3 h5 34. h4 Kf8 35. Kf1 Ke8 36. Ke1 Kf8 37. Rd1 Rc8 38. Rd2 Rb3 39. Ke2 Ke8 40. Rd3 Rc2+ 41. Kd1 Rg2 42. Rxb3 1-0

[Event "Klatovy op-A 24th"]
[Site "Klatovy"]
[Date "2018.07.04"]
[Round "5"]
[White "Stolc, Martin"]
[Black "Kovar, Petr"]
[Result "1/2-1/2"]
[WhiteElo "2043"]
[BlackElo "1911"]
[PlyCount "29"]
[EventDate "2018.06.30"]
[EventType "swiss"]
[EventRounds "9"]
[EventCountry "CZE"]
[SourceTitle "CBM 185 Extra"]
[Source "ChessBase"]
[SourceDate "2018.07.29"]
[SourceVersion "1"]
[SourceVersionDate "2018.07.29"]
[SourceQuality "1"]

1. e4 c5 2. f4 g6 3. Nf3 Bg7 4. Bc4 Nc6 5. 0-0 e6 6. d3 Nge7 7. Bb5 0-0 8. c4 d5 9. e5 b6 10. Bxc6 Nxc6 11. Nc3 dxc4 12. dxc4 Qxd1 13. Rxd1 Ba6 14. Rd6 Nb4 15. b3 1/2-1/2

[Event "OP-2018-0-04569"]
[Site "LSS email"]
[Date "2018.04.15"]
[Round "?"]
[White "Kovar, Petr"]
[Black "Ederer, Karel"]
[Result "0-1"]
[WhiteElo "1621"]
[BlackElo "1949"]
[PlyCount "80"]
[EventDate "2018.04.07"]
[EventType "tourn (corr)"]
[EventRounds "4"]
[EventCountry "GER"]
[SourceTitle "Corr 2022"]
[Source "ChessBase"]
[SourceDate "2021.10.24"]
[SourceVersion "1"]
[SourceVersionDate "2021.10.24"]
[SourceQuality "1"]

1. e4 Nf6 2. e5 Nd5 3. d4 d6 4. c4 Nb6 5. f4 dxe5 6. fxe5 c5 7. d5 e6 8. Nc3 exd5 9. cxd5 c4 10. d6 Nc6 11. Nf3 Bg4 12. Bf4 Qd7 13. Be2 0-0-0 14. Nd4 Bxe2 15. Ncxe2 g5 16. Nxc6 Qxc6 17. Bxg5 Bxd6 18. exd6 Rxd6 19. Qc2 Re8 20. Kf1 h6 21. Bh4 Nd5 22. Qf5+ Kb8 23. Qf3 Ne3+ 24. Kf2 Qb6 25. Kg1 Nd1+ 26. Kf1 Re5 27. Bg3 Ne3+ 28. Kg1 Ng4+ 29. Kf1 Rf6 30. Nf4 Ne3+ 31. Kg1 Nd5+ 32. Kf1 Qxb2 33. Re1 Kc8 34. Rxe5 Qxe5 35. Qe2 Qd4 36. Qe8+ Kc7 37. Ke2 Nxf4+ 38. Kf3 Qd6 39. Rc1 b5 40. Qxb5 Kd8 0-1

[Event "OP-2018-0-04569"]
[Site "LSS email"]
[Date "2018.04.15"]
[Round "?"]
[White "Ranalli, Emmanuel"]
[Black "Kovar, Petr"]
[Result "0-1"]
[WhiteElo "1198"]
[BlackElo "1621"]
[PlyCount "46"]
[EventDate "2018.04.07"]
[EventType "tourn (corr)"]
[EventRounds "4"]
[EventCountry "GER"]
[SourceTitle "Corr 2022"]
[Source "ChessBase"]
[SourceDate "2021.10.24"]
[SourceVersion "1"]
[SourceVersionDate "2021.10.24"]
[SourceQuality "1"]

1. d4 Nf6 2. Nf3 e6 3. e3 c5 4. c4 cxd4 5. exd4 Nc6 6. Nc3 Bb4 7. a3 Bxc3+ 8. bxc3 Qa5 9. Qc2 b6 10. Bd3 Ba6 11. 0-0 Rc8 12. Bg5 d5 13. Bxf6 gxf6 14. cxd5 Bxd3 15. Qxd3 Qxd5 16. c4 Qd6 17. Rad1 0-0 18. Rfe1 Ne7 19. Re4 Ng6 20. h4 f5 21. Re3 Rfd8 22. h5 Nf4 23. Qd2 Rxc4 0-1

[Event "Klatovy op-B 23rd"]
[Site "Klatovy"]
[Date "2017.07.06"]
[Round "6"]
[White "Kovar, Petr"]
[Black "Kotal, Vit"]
[Result "1-0"]
[WhiteElo "1990"]
[BlackElo "1388"]
[PlyCount "73"]
[EventDate "2017.07.01"]
[EventType "swiss"]
[EventRounds "9"]
[EventCountry "CZE"]
[SourceTitle "EXT 2018"]
[Source "ChessBase"]
[SourceDate "2017.10.13"]
[SourceVersion "1"]
[SourceVersionDate "2017.10.13"]
[SourceQuality "1"]

1. d4 Nf6 2. Nf3 g6 3. g3 Bg7 4. Bg2 d6 5. 0-0 0-0 6. c4 Nbd7 7. Nc3 c5 8. e3 Nb6 9. b3 Nh5 10. Bb2 f5 11. d5 Nf6 12. Qc2 Bd7 13. a4 a5 14. Rfe1 Qe8 15. Nd2 Qf7 16. Ne2 Rab8 17. Bc3 Ra8 18. Rf1 Ra7 19. Rae1 e5 20. dxe6 Bxe6 21. Nf4 d5 22. Nxe6 Qxe6 23. Bxf6 Bxf6 24. cxd5 Qd6 25. Rc1 Be7 26. Nb1 Nd7 27. Nc3 Ra6 28. Rfd1 Rc8 29. Nb5 Qb6 30. d6 Bf8 31. Qc4+ Kg7 32. Qe6 Rd8 33. Bd5 Ne5 34. f4 Nd7 35. Rc4 Raa8 36. Qf7+ Kh6 37. h3 1-0

[Event "Klatovy op-B 23rd"]
[Site "Klatovy"]
[Date "2017.07.04"]
[Round "4"]
[White "Kovar, Petr"]
[Black "Vasko, Pavel"]
[Result "0-1"]
[WhiteElo "1990"]
[BlackElo "1578"]
[PlyCount "66"]
[EventDate "2017.07.01"]
[EventType "swiss"]
[EventRounds "9"]
[EventCountry "CZE"]
[SourceTitle "EXT 2018"]
[Source "ChessBase"]
[SourceDate "2017.10.13"]
[SourceVersion "1"]
[SourceVersionDate "2017.10.13"]
[SourceQuality "1"]

1. d4 Nf6 2. Bf4 e6 3. Nf3 d5 4. e3 Bd6 5. Bg3 0-0 6. Bd3 h6 7. Nbd2 c5 8. c3 c4 9. Bc2 b5 10. Ne5 Bb7 11. f4 a5 12. 0-0 b4 13. f5 Bc8 14. fxe6 Bxe6 15. e4 Qc7 16. Qf3 Ra6 17. Rae1 Rb6 18. Qe3 bxc3 19. bxc3 Rb2 20. Bb1 a4 21. Rxf6 gxf6 22. exd5 Rxb1 23. Nxb1 Bxd5 24. Ng4 Be6 25. Nxf6+ Kg7 26. Be5 Bxe5 27. dxe5 Bf5 28. Nh5+ Kh7 29. Nd2 Nd7 30. Nf3 Re8 31. Qf4 Bg6 32. Ng3 f6 33. e6 Qxf4 0-1

[Event "RC-2017-0-00207"]
[Site "LSS email"]
[Date "2017.04.30"]
[Round "?"]
[White "Kovar, Petr"]
[Black "Kolanek, Sylwia"]
[Result "0-1"]
[WhiteElo "1900"]
[BlackElo "1787"]
[PlyCount "96"]
[EventDate "2016.12.30"]
[EventType "tourn (corr)"]
[EventRounds "6"]
[EventCountry "GER"]
[SourceTitle "Corr 2022"]
[Source "ChessBase"]
[SourceDate "2021.10.24"]
[SourceVersion "1"]
[SourceVersionDate "2021.10.24"]
[SourceQuality "1"]

1. e4 c5 2. Nf3 d6 3. d4 cxd4 4. Nxd4 Nf6 5. Nc3 a6 6. Be2 e5 7. Nf3 Be7 8. 0-0 0-0 9. Bc4 b5 10. Bd5 Nxd5 11. Qxd5 Ra7 12. Be3 Be6 13. Qd2 Ra8 14. Nd5 Bxd5 15. Qxd5 Nd7 16. Qd3 Qc8 17. Rfe1 Qc6 18. Rac1 Rac8 19. a3 Rfd8 20. Bd2 Nc5 21. Qe3 Ne6 22. Ba5 Re8 23. Bb4 Qb7 24. Kh1 Rc6 25. Kg1 Rec8 26. Qd2 Rc4 27. Bxd6 Rd8 28. Qd5 Qc8 29. Bxe7 Rxd5 30. exd5 Nd4 31. Nxd4 exd4 32. d6 d3 33. Rcd1 Rxc2 34. Rxd3 Qf5 35. Rf3 Qe5 36. Rfe3 Qd4 37. b3 h5 38. h3 a5 39. Rf3 f6 40. Rfe3 Ra2 41. Rf3 Kf7 42. Kh2 Rc2 43. Kg1 Qd2 44. Re4 Rc1+ 45. Kh2 Qd1 46. Kg3 Qh1 47. d7 h4+ 48. Rxh4 Rg1 0-1

[Event "SC-2017-0-00322"]
[Site "LSS email"]
[Date "2017.04.28"]
[Round "?"]
[White "Kovar, Petr"]
[Black "Kolanek, Sylwia"]
[Result "0-1"]
[WhiteElo "1900"]
[BlackElo "1871"]
[PlyCount "60"]
[EventDate "2017.03.20"]
[EventType "tourn (corr)"]
[EventRounds "6"]
[EventCountry "GER"]
[SourceTitle "Corr 2022"]
[Source "ChessBase"]
[SourceDate "2021.10.24"]
[SourceVersion "1"]
[SourceVersionDate "2021.10.24"]
[SourceQuality "1"]

1. Nf3 d5 2. d4 e6 3. Bg5 Be7 4. Bxe7 Qxe7 5. e3 Qb4+ 6. Nbd2 Qxb2 7. c4 Qa3 8. Qb3 Qxb3 9. axb3 Nc6 10. Bd3 f6 11. Ke2 Nge7 12. Rhc1 a5 13. Ne1 Bd7 14. Bb1 b6 15. cxd5 exd5 16. Nd3 0-0-0 17. h3 Kb7 18. Nf3 g5 19. Bc2 Ra8 20. Nfe1 Nf5 21. Nb2 Nd6 22. Nbd3 Ne4 23. Ra3 h5 24. h4 Nb4 25. hxg5 Bb5 26. gxf6 Raf8 27. f3 Rhg8 28. Bb1 Rxf6 29. Ra1 Rg3 30. Ra4 h4 0-1

[Event "SC-2017-0-00322"]
[Site "LSS email"]
[Date "2017.04.28"]
[Round "?"]
[White "Kovar, Petr"]
[Black "Madrid Sole, Antonio"]
[Result "0-1"]
[WhiteElo "1900"]
[BlackElo "1744"]
[PlyCount "74"]
[EventDate "2017.03.20"]
[EventType "tourn (corr)"]
[EventRounds "6"]
[EventCountry "GER"]
[SourceTitle "Corr 2022"]
[Source "ChessBase"]
[SourceDate "2021.10.24"]
[SourceVersion "1"]
[SourceVersionDate "2021.10.24"]
[SourceQuality "1"]

1. c4 c6 2. Nc3 d5 3. d4 Nf6 4. cxd5 cxd5 5. e3 a6 6. Bd3 Nc6 7. Nf3 Bg4 8. Qb3 e6 9. 0-0 Bd6 10. Nd2 0-0 11. f4 b5 12. Nf3 Rc8 13. a3 Na5 14. Qc2 g6 15. Ne5 Bf5 16. Qe2 Nb3 17. Rb1 Qc7 18. Bd2 Bxd3 19. Nxd3 Bxa3 20. Nxb5 axb5 21. bxa3 Nxd2 22. Qxd2 Ne4 23. Qb2 Qc3 24. Rfd1 Kg7 25. Qb3 Ra8 26. Rb2 Rxa3 27. Qxb5 Rfa8 28. Qb4 Qxb4 29. Nxb4 Rxe3 30. g3 h5 31. Nc6 h4 32. gxh4 Rh3 33. Ne5 Rxh4 34. Rf1 Ra7 35. Kg2 Kf6 36. Rf3 Kf5 37. h3 Rxf4 0-1

[Event "OP-2017-0-04317"]
[Site "LSS email"]
[Date "2017.04.02"]
[Round "?"]
[White "Kovar, Petr"]
[Black "Pauk, Jozef"]
[Result "1-0"]
[WhiteElo "1900"]
[BlackElo "774"]
[PlyCount "31"]
[EventDate "2017.03.30"]
[EventType "tourn (corr)"]
[EventRounds "4"]
[EventCountry "GER"]
[SourceTitle "Corr 2022"]
[Source "ChessBase"]
[SourceDate "2021.10.24"]
[SourceVersion "1"]
[SourceVersionDate "2021.10.24"]
[SourceQuality "1"]

1. c4 e5 2. Nc3 c6 3. d4 Bd6 4. Nf3 f6 5. e3 Bb4 6. Bd3 d5 7. cxd5 cxd5 8. dxe5 Bg4 9. 0-0 h5 10. Nxd5 Qxd5 11. Bg6+ Qf7 12. Bxf7+ Kxf7 13. Qb3+ Kg6 14. Qxb4 b6 15. exf6 gxf6 16. Qe4+ 1-0

[Event "OP-2017-0-04317"]
[Site "LSS email"]
[Date "2017.04.02"]
[Round "?"]
[White "Kuttner, Jaromir"]
[Black "Kovar, Petr"]
[Result "0-1"]
[WhiteElo "957"]
[BlackElo "1900"]
[PlyCount "26"]
[EventDate "2017.03.30"]
[EventType "tourn (corr)"]
[EventRounds "4"]
[EventCountry "GER"]
[SourceTitle "Corr 2022"]
[Source "ChessBase"]
[SourceDate "2021.10.24"]
[SourceVersion "1"]
[SourceVersionDate "2021.10.24"]
[SourceQuality "1"]

1. e4 c5 2. Nf3 Nc6 3. d4 cxd4 4. Nxd4 Qc7 5. Nc3 e6 6. Be3 a6 7. Be2 Nf6 8. f4 Bb4 9. Qd3 e5 10. Nxc6 dxc6 11. 0-0-0 exf4 12. Bxf4 Qxf4+ 13. Kb1 Be6 0-1

[Event "OP-2017-0-04305"]
[Site "LSS email"]
[Date "2017.03.21"]
[Round "?"]
[White "Firnhaber, Ingo"]
[Black "Kovar, Petr"]
[Result "1-0"]
[WhiteElo "2407"]
[BlackElo "1900"]
[PlyCount "59"]
[EventDate "2017.03.15"]
[EventType "tourn (corr)"]
[EventRounds "4"]
[EventCountry "GER"]
[SourceTitle "Corr 2022"]
[Source "ChessBase"]
[SourceDate "2021.10.24"]
[SourceVersion "1"]
[SourceVersionDate "2021.10.24"]
[SourceQuality "1"]

1. e4 c5 2. Nf3 Nc6 3. d4 cxd4 4. Nxd4 Qc7 5. Nc3 e6 6. Be3 a6 7. Be2 Bb4 8. Nxc6 Bxc3+ 9. bxc3 Qxc6 10. Qd4 Nf6 11. f3 0-0 12. c4 d5 13. e5 Nd7 14. cxd5 exd5 15. f4 b5 16. a4 Bb7 17. 0-0 bxa4 18. Rfb1 Rab8 19. Qxa4 Qe6 20. Bd4 f6 21. f5 Qxf5 22. Ba7 Qxe5 23. Bxb8 Nxb8 24. Rxb7 Qxe2 25. Qd4 Qe5 26. Rd1 Rd8 27. Qa7 f5 28. Re7 Qf6 29. Rde1 h6 30. R1e6 1-0

[Event "OP-2017-0-04305"]
[Site "LSS email"]
[Date "2017.03.21"]
[Round "?"]
[White "Kovar, Petr"]
[Black "Kuttner, Jaromir"]
[Result "1-0"]
[WhiteElo "1900"]
[BlackElo "1008"]
[PlyCount "37"]
[EventDate "2017.03.15"]
[EventType "tourn (corr)"]
[EventRounds "4"]
[EventCountry "GER"]
[SourceTitle "Corr 2022"]
[Source "ChessBase"]
[SourceDate "2021.10.24"]
[SourceVersion "1"]
[SourceVersionDate "2021.10.24"]
[SourceQuality "1"]

1. c4 e5 2. Nc3 Nf6 3. g3 d5 4. cxd5 Nxd5 5. Bg2 Be6 6. Nf3 Nc6 7. 0-0 Be7 8. d3 0-0 9. Bd2 f5 10. Nxd5 Bxd5 11. Bc3 Qd6 12. Nd2 Bxg2 13. Kxg2 Qd5+ 14. e4 fxe4 15. dxe4 Qd3 16. Qb3+ Kh8 17. Qxb7 Nd4 18. Qxc7 Nf3 19. Qc4 1-0

[Event "OP-2017-0-04305"]
[Site "LSS email"]
[Date "2017.03.21"]
[Round "?"]
[White "Kovar, Petr"]
[Black "Sandocal, Uzmir"]
[Result "0-1"]
[WhiteElo "1900"]
[BlackElo "1696"]
[PlyCount "140"]
[EventDate "2017.03.15"]
[EventType "tourn (corr)"]
[EventRounds "4"]
[EventCountry "GER"]
[SourceTitle "Corr 2022"]
[Source "ChessBase"]
[SourceDate "2021.10.24"]
[SourceVersion "1"]
[SourceVersionDate "2021.10.24"]
[SourceQuality "1"]

1. Nf3 d5 2. d4 Nf6 3. c4 e6 4. Nc3 Bb4 5. cxd5 exd5 6. Bg5 0-0 7. Qb3 a5 8. a3 Bxc3+ 9. bxc3 a4 10. Bxf6 axb3 11. Bxd8 Rxd8 12. Nd2 b2 13. Ra2 Nd7 14. e3 Nb6 15. Rxb2 Rxa3 16. Nb1 Ra1 17. Bd3 Bd7 18. Ke2 Rda8 19. Rd1 g6 20. h3 Bc6 21. Nd2 Na4 22. Rb3 Ra2 23. Rdb1 Kg7 24. Ke1 b5 25. Rc1 Ra5 26. Rc2 Rxc2 27. Bxc2 Nb6 28. Ke2 Nc4 29. Bb1 Kf6 30. h4 Ke7 31. f3 Nb6 32. g4 Bd7 33. Kd3 f5 34. g5 Nc4 35. Ke2 Ra1 36. Nxc4 dxc4 37. Rb2 Kd6 38. Kd2 c5 39. Ke2 Bc6 40. Kd2 cxd4 41. exd4 f4 42. Ke2 Ra3 43. Kd2 Rb3 44. Rxb3 cxb3 45. Bd3 Bxf3 46. Bxb5 Bg2 47. Bd3 f3 48. Be4 b2 49. Kc2 Bh1 50. Kxb2 f2 51. Bd3 Bg2 52. c4 f1Q 53. Bxf1 Bxf1 54. Kc3 Kc6 55. Kb4 Kd6 56. Kb5 Ke6 57. Kc5 Bd3 58. Kb4 Kf5 59. Kc5 Ke6 60. Kb4 Be2 61. Kc5 Bf1 62. Kb4 Bd3 63. Kc5 Bf1 64. Kb4 Kf5 65. Kc5 Ke4 66. d5 Ke5 67. Kb5 Kd4 68. d6 Bxc4+ 69. Kc6 Be6 70. d7 Bxd7+ 0-1

[Event "OP-2017-0-04280"]
[Site "LSS email"]
[Date "2017.02.10"]
[Round "?"]
[White "Czaban, Tomasz"]
[Black "Kovar, Petr"]
[Result "0-1"]
[WhiteElo "660"]
[BlackElo "1900"]
[PlyCount "44"]
[EventDate "2017.02.03"]
[EventType "tourn (corr)"]
[EventRounds "4"]
[EventCountry "GER"]
[SourceTitle "Corr 2022"]
[Source "ChessBase"]
[SourceDate "2021.10.24"]
[SourceVersion "1"]
[SourceVersionDate "2021.10.24"]
[SourceQuality "1"]

1. e4 c5 2. Nf3 Nc6 3. c3 Nf6 4. Bb5 Qc7 5. d4 cxd4 6. Bxc6 Qxc6 7. Qxd4 Qxe4+ 8. Qxe4 Nxe4 9. 0-0 e6 10. Re1 d5 11. Nbd2 Nxd2 12. Bxd2 a5 13. Nd4 Bd7 14. Re2 Be7 15. Rae1 0-0 16. Bf4 Bf6 17. Nf3 Bb5 18. Re3 a4 19. Ne5 Be7 20. h3 f6 21. Nf3 e5 22. Bh2 Bc5 0-1

[Event "OP-2017-0-04280"]
[Site "LSS email"]
[Date "2017.02.10"]
[Round "?"]
[White "Kovar, Petr"]
[Black "Karasev, Aleksandr"]
[Result "0-1"]
[WhiteElo "1900"]
[BlackElo "1738"]
[PlyCount "76"]
[EventDate "2017.02.03"]
[EventType "tourn (corr)"]
[EventRounds "4"]
[EventCountry "GER"]
[SourceTitle "Corr 2022"]
[Source "ChessBase"]
[SourceDate "2021.10.24"]
[SourceVersion "1"]
[SourceVersionDate "2021.10.24"]
[SourceQuality "1"]

1. e4 c5 2. Nf3 d6 3. d4 cxd4 4. Nxd4 Nf6 5. Nc3 a6 6. Be2 e5 7. Nf3 Be7 8. 0-0 Be6 9. Ng5 Bd7 10. Be3 0-0 11. a3 Bc6 12. Qd3 b5 13. Rfd1 Nbd7 14. Nd5 Bxd5 15. exd5 h6 16. Nh3 Nb6 17. Bf3 Re8 18. Be4 Na4 19. Rab1 Nxe4 20. Qxe4 Qd7 21. f4 exf4 22. Qxf4 Bf6 23. c3 Re5 24. Bd4 Rf5 25. Qg3 Re8 26. Bxf6 Rxf6 27. Nf4 Re5 28. Re1 Rxe1+ 29. Rxe1 Nxb2 30. Nd3 Nc4 31. Nb4 Qa7+ 32. Kh1 a5 33. Nc6 Qf2 34. Qxf2 Rxf2 35. Re8+ Kh7 36. Kg1 Rb2 37. Kf1 a4 38. Re2 Rb3 0-1

[Event "SB-2017-0-00486"]
[Site "LSS email"]
[Date "2017.02.10"]
[Round "?"]
[White "Pilgram, Kurt"]
[Black "Kovar, Petr"]
[Result "1-0"]
[WhiteElo "2059"]
[BlackElo "1900"]
[PlyCount "51"]
[EventDate "2017.01.03"]
[EventType "tourn (corr)"]
[EventRounds "6"]
[EventCountry "GER"]
[SourceTitle "Corr 2022"]
[Source "ChessBase"]
[SourceDate "2021.10.24"]
[SourceVersion "1"]
[SourceVersionDate "2021.10.24"]
[SourceQuality "1"]

1. d4 Nf6 2. c4 d6 3. Nf3 g6 4. Nc3 Bg7 5. e4 0-0 6. Be2 Nc6 7. d5 Nb8 8. 0-0 c5 9. h3 Nbd7 10. Bf4 Qb6 11. Qd2 Nh5 12. Bg5 Nhf6 13. a3 Qb3 14. Rab1 Re8 15. Bh6 Bxh6 16. Qxh6 Qb6 17. Ng5 Nf8 18. f4 a6 19. f5 Rd8 20. fxg6 fxg6 21. g4 Rb8 22. e5 dxe5 23. Nce4 Qc7 24. b4 b5 25. bxc5 Qa7 26. Kh2 1-0